| 000 | 004720000a22001930004500 | ||
|---|---|---|---|
| 001 | 002539 | ||
| 003 | MACL | ||
| 005 | 20150910121403.0 | ||
| 008 | 150910b xxu||||| |||| 00| 0 eng d | ||
| 040 |
_aMACL _cMACL |
||
| 041 | _aEnglish | ||
| 082 | _a821/RED | ||
| 100 |
_aReddy, Siva _99787 |
||
| 245 |
_aMohana! Oh Mohana! And other Poems _cSiva Reddy |
||
| 260 |
_aNew Delhi _c2007 _bSahitya Akademi, |
||
| 350 | _a70 | ||
| 650 |
_aPoetry _99788 |
||
| 942 |
_k821 _cBK _2ddc |
||
| 999 |
_c14449 _d14449 |
||